| 000 | 00492nam a22001937a 4500 | ||
|---|---|---|---|
| 003 | MPLRDC | ||
| 005 | 20220104161530.0 | ||
| 008 | 210129b ||||| |||| 00| 0 eng d | ||
| 020 | _a986-7846-58-3 | ||
| 082 | _a857.63 ZXF | ||
| 100 | _a周晓枫 | ||
| 245 |
_a兽皮上的地图 _c |
||
| 250 | _a第一版 | ||
| 260 |
_a台湾 _b咏春图书文化事业有限公司 _c2005 |
||
| 300 | _b平 | ||
| 490 | _a溯源探索. 07 | ||
| 650 | _a短篇小说--别集 | ||
| 942 |
_cBK _o857.63 ZXF |
||
| 999 |
_c55527 _d55517 |
||